000 00291 a2200133 4500
001 90462
082 _a891.4393 NIM
090 _c42795
_d42795
100 _aNimra Ahmad
245 _aMus'haf
_hUrdu
260 _aLahore
_bAl Quresh
_c2014
300 _a360p.
500 _aGeneral Books
942 _aCAE NUST
_k891.4393 NIM
999 _c325535
_d325535